| 000 | 00000cas 2200000zi 4500 |
| 001 | 9.925162 |
| 003 | CaOODSP |
| 005 | 20251219155136 |
| 006 | m o d f |
| 007 | cr cn||||||||| |
| 008 | 230718c20229999abcar p o f0###b0fre|d |
| 022 | |a2818-1441 |
| 040 | |aCaOODSP|bfre|erda|cCaOODSP |
| 043 | |an-cnp-- |
| 086 | 1 |aIu98-1/6F-PDF |
| 110 | 1 |aCanada. |bDéveloppement économique Canada pour les Prairies, |eauteur, |eorganisme de publication. |
| 222 | 0|aRapport annuel au parlement. Administration de la Loi sur la protection des renseignements personnels |b(Canada. Développement économique Canada pour les Prairies) |
| 245 | 10|aRapport annuel au parlement. |pAdministration de la Loi sur la protection des renseignements personnels. |
| 246 | 3 |aPrairiesCan rapport annuel au parlement. |pAdministration de la Loi sur la protection des renseignements personnels |
| 264 | 1|a[Edmonton] : |bPrairies Economic Development Canada = Développement économique Canada pour les Prairies, |c[2022]- |
| 310 | |aAnnuel |
| 336 | |atexte|btxt|2rdacontent/fre |
| 337 | |ainformatique|bc|2rdamedia/fre |
| 338 | |aressource en ligne|bcr|2rdacarrier/fre |
| 362 | 1 |aParaît depuis : 2021/2022. |
| 500 | |aPublié aussi en anglais sous le titre : Annual report to Parliament. Administration of the Privacy Act. |
| 588 | |aDescription d'après : 2021/2022. |
| 588 | |aDernière livraison consultée : 2022/2023. |
| 610 | 16|aCanada. |bDéveloppement économique Canada pour les Prairies|vPériodiques. |
| 610 | 16|aCanada. |tLoi sur la protection des renseignements personnels|vPériodiques. |
| 650 | 6|aDroit à la vie privée|zCanada|vPériodiques. |
| 655 | 7|aPériodiques|2rvmgf |
| 775 | 08|tAnnual report to Parliament. |w(CaOODSP)9.925160 |
| 780 | 00|tRapport annuel au Parlement. |w(CaOODSP)9.822057 |